[Event "26th Klatovy B 2018"]
[Site "Klatovy CZE"]
[Date "2018.07.06"]
[Round "7.53"]
[White "Vavrinkova, Marie"]
[Black "Bastyr, Pavel"]
[Result "1/2-1/2"]
[WhiteElo "1132"]
[BlackElo "1469"]
[PlyCount "55"]
[EventDate "2018.06.30"]
[EventType "swiss"]
[EventRounds "9"]
[EventCountry "CZE"]

1. e4 c6 2. d4 d5 3. Nc3 dxe4 4. Nxe4 Bf5 5. Ng3 Bg6 6. Nf3 h6 7. Ne5 Bh7 8. Bc4 e6 9. O-O Nf6 10. Re1 Nbd7 11. c3 Bd6 12. Qb3 Nb6 13. Bf1 Qc7 14. Bd2 O-O 15. c4 Nbd7 16. Qe3 Rad8 17. Bc3 b6 18. Rad1 Rfe8 19. b4 c5 20. Nxd7 Nxd7 21. a3 cxd4 22. Bxd4 Bf4 23. Qe2 e5 24. Be3 Nf6 25. Rxd8 Qxd8 26. Rd1 Qb8 27. c5 Bxe3 28. Qxe3 1/2-1/2

[Event "26th Klatovy B 2018"]
[Site "Klatovy CZE"]
[Date "2018.07.06"]
[Round "7.54"]
[White "Berkovec, Josef"]
[Black "Ruzickova, Helena"]
[Result "1/2-1/2"]
[WhiteElo "1000"]
[BlackElo "1422"]
[PlyCount "65"]
[EventDate "2018.06.30"]
[EventType "swiss"]
[EventRounds "9"]
[EventCountry "CZE"]

1. Nf3 d6 2. d4 g6 3. e4 Bg7 4. Bd3 c6 5. c3 Nd7 6. Be3 e5 7. dxe5 dxe5 8. O-O Qc7 9. Qd2 Ndf6 10. h3 Nh5 11. Na3 Be6 12. Rfd1 O-O-O 13. Qc2 Ne7 14. Ng5 Nf4 15. Nxe6 Nxe6 16. Bc4 Rxd1+ 17. Rxd1 Nd8 18. Qb3 Rf8 19. Bxa7 b5 20. Bc5 bxc4 21. Nxc4 Nb7 22. Nb6+ Kb8 23. Rd7 Nxc5 24. Rxc7 Nxb3 25. Rxe7 Nc5 26. f3 Bf6 27. Nd7+ Nxd7 28. Rxd7 Kc8 29. Rd6 Bd8 30. Rxc6+ Kb7 31. Rd6 h5 32. Kf2 Bc7 33. Rd5 1/2-1/2

[Event "26th Klatovy B 2018"]
[Site "Klatovy CZE"]
[Date "2018.07.06"]
[Round "7.56"]
[White "Jedlicka, Pavel"]
[Black "Zimmermann, Ladislav"]
[Result "1/2-1/2"]
[WhiteElo "1485"]
[BlackElo "1300"]
[PlyCount "120"]
[EventDate "2018.06.30"]
[EventType "swiss"]
[EventRounds "9"]
[EventCountry "CZE"]

1. d4 Nf6 2. f4 d5 3. e3 g6 4. Nf3 Bg7 5. c4 O-O 6. cxd5 Qxd5 7. Nc3 Qd8 8. Bd3 e6 9. e4 Nfd7 10. e5 Nb6 11. h4 f6 12. Qc2 f5 13. h5 Nc6 14. hxg6 hxg6 15. Ng5 Nxd4 16. Qf2 c5 17. Qh4 Rf7 18. Qh7+ Kf8 19. Nxf7 Kxf7 20. Rh6 Qg8 21. Qxg8+ Kxg8 22. Rxg6 Kf7 23. Rg3 Bd7 24. Be3 c4 25. Bxd4 cxd3 26. O-O-O Rc8 27. Bxb6 axb6 28. Rdxd3 Bb5 29. Rd6 Bc6 30. Rd1 b5 31. b4 Bh6 32. Rf1 Bd5 33. Kb2 Bc4 34. Rf2 Bf8 35. a3 Be7 36. Rh3 Kg6 37. g3 Bf8 38. a4 bxa4 39. Nxa4 b5 40. Nc5 Bxc5 41. bxc5 Rxc5 42. Rfh2 Kf7 43. Rh8 Kg6 44. R2h6+ Kg7 45. R6h7+ Kg6 46. Rd7 Bd5 47. Rg8+ Kh6 48. g4 fxg4 49. Rxg4 Rc4 50. Rd8 Kh7 51. Rdg8 Be4 52. R8g5 Rc2+ 53. Ka3 Rc3+ 54. Kb4 Rh3 55. Rg7+ Kh6 56. Kxb5 Bf5 57. R4g5 Rh4 58. Kc5 Rxf4 59. Rxf5 Rxf5 60. Re7 Rxe5+ 1/2-1/2

[Event "26th Klatovy B 2018"]
[Site "Klatovy CZE"]
[Date "2018.07.06"]
[Round "7.57"]
[White "Krejbich, Lukas"]
[Black "Souralova, Venuse"]
[Result "1/2-1/2"]
[WhiteElo "1299"]
[BlackElo "1453"]
[PlyCount "49"]
[EventDate "2018.06.30"]
[EventType "swiss"]
[EventRounds "9"]
[EventCountry "CZE"]

1. e4 c5 2. Nc3 d6 3. Nf3 Nf6 4. Bc4 e6 5. a3 a6 6. d3 Be7 7. O-O O-O 8. Be3 b5 9. Ba2 Bb7 10. b4 Nbd7 11. Ng5 Rc8 12. Nb1 d5 13. Nd2 h6 14. Nh3 dxe4 15. Nxe4 Nxe4 16. dxe4 Bxe4 17. c3 Bf6 18. Rc1 c4 19. f3 Bd3 20. Re1 Ne5 21. Nf4 Qc7 22. Bd4 Rfd8 23. Re3 Rd7 24. Qe1 Rcd8 25. Qg3 1/2-1/2

[Event "26th Klatovy B 2018"]
[Site "Klatovy CZE"]
[Date "2018.07.06"]
[Round "7.58"]
[White "Veverkova, Dorota"]
[Black "Tomascik, Petr"]
[Result "0-1"]
[WhiteElo "1277"]
[BlackElo "1427"]
[PlyCount "56"]
[EventDate "2018.06.30"]
[EventType "swiss"]
[EventRounds "9"]
[EventCountry "CZE"]

1. e4 c5 2. Nf3 Nc6 3. Bb5 d6 4. Bxc6+ bxc6 5. h3 g6 6. O-O Bg7 7. Nc3 e6 8. d3 Ne7 9. Nh2 d5 10. Bd2 Ba6 11. f3 Qc7 12. Qe1 c4 13. Qe3 cxd3 14. cxd3 d4 15. Qe2 dxc3 16. Bxc3 Qb6+ 17. Kh1 Bd4 18. f4 O-O 19. g4 c5 20. f5 exf5 21. gxf5 Qc6 22. Bxd4 cxd4 23. fxg6 fxg6 24. Rg1 Nf5 25. Rg2 Ne3 26. Rf2 Rxf2 27. Qxf2 Bxd3 28. Ng4 Qxe4+ 0-1

[Event "26th Klatovy B 2018"]
[Site "Klatovy CZE"]
[Date "2018.07.06"]
[Round "7.59"]
[White "Vojir, Vaclav 2005"]
[Black "Kadlec, Rudolf"]
[Result "1/2-1/2"]
[WhiteElo "1225"]
[BlackElo "1420"]
[PlyCount "71"]
[EventDate "2018.06.30"]
[EventType "swiss"]
[EventRounds "9"]
[EventCountry "CZE"]

1. d4 Nf6 2. c4 e5 3. e3 e4 4. Nc3 Bb4 5. Bd2 Bxc3 6. Bxc3 O-O 7. f3 Re8 8. Bd2 b6 9. Be2 Bb7 10. Qb3 Ba6 11. Qc2 d5 12. cxd5 Bxe2 13. Nxe2 exf3 14. gxf3 Nxd5 15. e4 Nf6 16. O-O-O a5 17. Bf4 Na6 18. Bg5 Nb4 19. Qb3 Qd7 20. Bxf6 Qc6+ 21. Kb1 Qxf6 22. d5 Qd6 23. a3 Na6 24. Nd4 Nc5 25. Qa2 a4 26. Nb5 Qd7 27. Nc3 Nb3 28. Ne2 Ra5 29. Nd4 Rea8 30. Nxb3 axb3 31. Qxb3 Rb5 32. Qd3 Rc5 33. e5 Raa5 34. d6 c6 35. b4 Rd5 36. Qe3 1/2-1/2

[Event "26th Klatovy B 2018"]
[Site "Klatovy CZE"]
[Date "2018.07.06"]
[Round "7.60"]
[White "Martinek, Lukas"]
[Black "Filip, Petr 1952"]
[Result "0-1"]
[WhiteElo "1215"]
[BlackElo "1354"]
[PlyCount "52"]
[EventDate "2018.06.30"]
[EventType "swiss"]
[EventRounds "9"]
[EventCountry "CZE"]

1. e4 e5 2. Nc3 Nf6 3. f4 Nc6 4. fxe5 Nxe5 5. d4 Ng6 6. Bc4 Bb4 7. Qd3 O-O 8. Bd2 Bxc3 9. bxc3 Nxe4 10. Be3 d5 11. Bb3 Qh4+ 12. g3 Nxg3 13. Nf3 Qh5 14. Rg1 Ne4 15. Bf4 Bg4 16. Rxg4 Qxg4 17. Bxc7 Rac8 18. Be5 Rxc3 19. Qe2 Rxf3 20. O-O-O Nc3 21. Qd2 Nxd1 22. Qxd1 Nxe5 23. dxe5 Qf4+ 24. Kb2 Qxe5+ 25. Kb1 Re3 26. Bxd5 Re1 0-1

[Event "26th Klatovy B 2018"]
[Site "Klatovy CZE"]
[Date "2018.07.06"]
[Round "7.61"]
[White "Filip, Stepan"]
[Black "Bukvaj, Martin"]
[Result "1-0"]
[WhiteElo "1307"]
[BlackElo "1123"]
[PlyCount "93"]
[EventDate "2018.06.30"]
[EventType "swiss"]
[EventRounds "9"]
[EventCountry "CZE"]

1. e4 e5 2. Nf3 Nc6 3. Bc4 Nf6 4. d3 Be7 5. c3 Na5 6. Nbd2 c6 7. O-O d6 8. Bb3 Nxb3 9. Nxb3 O-O 10. Re1 Qc7 11. Bg5 h6 12. Bh4 Nh7 13. Bxe7 Qxe7 14. d4 f6 15. Rc1 Bg4 16. h3 Bh5 17. g4 Bf7 18. Nh4 Be6 19. Ng6 Qf7 20. Nxf8 Rxf8 21. Qc2 Qg6 22. Kh2 h5 23. f3 hxg4 24. fxg4 Ng5 25. Qg2 d5 26. Nc5 Bf7 27. h4 Qh6 28. Qg3 Bg6 29. exd5 b6 30. Ne6 Nxe6 31. dxe6 f5 32. h5 f4 33. Qg2 f3 34. Qg3 Qd2+ 35. Kh3 Qh6 36. Rxe5 Qxc1 37. hxg6 Qh1+ 38. Qh2 Qxh2+ 39. Kxh2 f2 40. e7 f1=Q 41. exf8=Q+ Kxf8 42. Rf5+ Qxf5 43. gxf5 Ke7 44. Kg3 Kf6 45. Kf4 a6 46. c4 c5 47. d5 1-0

[Event "26th Klatovy B 2018"]
[Site "Klatovy CZE"]
[Date "2018.07.06"]
[Round "7.62"]
[White "Cinkova, Vicky"]
[Black "Lhotsky, Zdenek 1966"]
[Result "0-1"]
[WhiteElo "1133"]
[BlackElo "1305"]
[PlyCount "66"]
[EventDate "2018.06.30"]
[EventType "swiss"]
[EventRounds "9"]
[EventCountry "CZE"]

1. e4 c5 2. f4 e6 3. Nf3 d6 4. g3 Nf6 5. Nc3 Nc6 6. d3 g6 7. Bg2 Bg7 8. O-O O-O 9. h3 a6 10. Be3 Qb6 11. Rb1 Bd7 12. Qd2 Nh5 13. Bf2 Rac8 14. Rfe1 Nd4 15. a3 Qa7 16. Ne2 Rc7 17. Nexd4 cxd4 18. e5 dxe5 19. fxe5 Rfc8 20. Bxd4 Qb8 21. c4 Nxg3 22. Bb6 Rc6 23. Qf2 Rf8 24. Ng5 Bxe5 25. Bc5 Nf5 26. Bxf8 Bd4 27. Qxd4 Nxd4 28. Bxc6 Bxc6 29. Bc5 Qg3+ 30. Kf1 Bg2+ 31. Kg1 Nf3+ 32. Nxf3 Bxf3+ 33. Kf1 Qg2# 0-1

[Event "26th Klatovy B 2018"]
[Site "Klatovy CZE"]
[Date "2018.07.06"]
[Round "7.63"]
[White "Cervenka, Jakub"]
[Black "Jelinek, Frantisek"]
[Result "0-1"]
[WhiteElo "1300"]
[BlackElo "1039"]
[PlyCount "98"]
[EventDate "2018.06.30"]
[EventType "swiss"]
[EventRounds "9"]
[EventCountry "CZE"]

1. e4 c5 2. Nf3 d6 3. d4 cxd4 4. Nxd4 Nf6 5. Nc3 Nc6 6. Be2 g6 7. Be3 Bg7 8. Qd2 O-O 9. O-O Bd7 10. Bh6 Bxh6 11. Qxh6 Nxd4 12. Bd3 Qb6 13. b3 Qc5 14. Na4 Bxa4 15. bxa4 Qh5 16. Qd2 Qg4 17. f3 Qd7 18. Qb4 Nc6 19. Qb5 Ne5 20. Qb3 Nxd3 21. cxd3 Rac8 22. Rab1 Rc7 23. Rf2 Rfc8 24. Rfb2 Qc6 25. h3 Qc5+ 26. Kh1 Qd4 27. f4 Nd7 28. Rd2 Nc5 29. Qd1 Qxa4 30. Qe2 Qd4 31. Rf1 a5 32. a3 b5 33. Rb2 Rb8 34. Rd1 Na4 35. Rb3 Nc3 36. Rxc3 Qxc3 37. Qa2 Qc2 38. Qa1 b4 39. axb4 Rxb4 40. Rg1 a4 41. d4 Rc3 42. e5 a3 43. exd6 exd6 44. d5 a2 45. f5 Rb1 46. Rxb1 axb1=R+ 47. Qxb1 Qc1+ 48. Qxc1 Rxc1+ 49. Kh2 Rd1 0-1

[Event "26th Klatovy B 2018"]
[Site "Klatovy CZE"]
[Date "2018.07.06"]
[Round "7.64"]
[White "Devera, Filip"]
[Black "Cinkova, Lenka"]
[Result "1-0"]
[WhiteElo "1209"]
[BlackElo "1000"]
[PlyCount "81"]
[EventDate "2018.06.30"]
[EventType "swiss"]
[EventRounds "9"]
[EventCountry "CZE"]

1. e4 d5 2. exd5 Qxd5 3. Nc3 Qa5 4. Nf3 Nf6 5. Bc4 c6 6. d3 Bg4 7. O-O e6 8. Bd2 Nbd7 9. Nb5 Qb6 10. Be3 Bc5 11. Bxc5 Qd8 12. Nd6+ Kf8 13. Nxb7+ Qe7 14. Bxe7+ Kxe7 15. Na5 Rac8 16. Qd2 h6 17. Qb4+ c5 18. Qb7 Rhe8 19. Ne5 Kf8 20. Nxd7+ Nxd7 21. Qxd7 Red8 22. Qxa7 Kg8 23. Nb3 h5 24. Rfe1 Re8 25. Re5 Kh7 26. Rxc5 Rcd8 27. Qxf7 Rf8 28. Qb7 Rf6 29. f3 Bf5 30. Rc7 Rg8 31. Rc8 h4 32. Rxg8 Kxg8 33. Re1 h3 34. g3 Kh7 35. a4 Bg6 36. Rxe6 Rf7 37. Re7 Rxe7 38. Qxe7 Kh6 39. Qe6 Kg5 40. Qxg6+ Kxg6 41. a5 1-0

[Event "26th Klatovy B 2018"]
[Site "Klatovy CZE"]
[Date "2018.07.06"]
[Round "7.65"]
[White "Zeman, Jiri 2004"]
[Black "Garabik, Marek"]
[Result "0-1"]
[WhiteElo "1093"]
[BlackElo "1399"]
[PlyCount "102"]
[EventDate "2018.06.30"]
[EventType "swiss"]
[EventRounds "9"]
[EventCountry "CZE"]

1. e4 c5 2. Nf3 Nc6 3. Nc3 g6 4. Bb5 Bg7 5. d3 Nf6 6. Bg5 O-O 7. O-O d6 8. Bxc6 bxc6 9. e5 dxe5 10. Nxe5 Qd6 11. Nf3 Bg4 12. h3 Bxf3 13. Qxf3 h6 14. Bf4 Qd4 15. Qxc6 Qxf4 16. Qxc5 Qd6 17. Qxd6 exd6 18. Nb5 Ne8 19. c3 a6 20. Na3 Nc7 21. Nc4 d5 22. Nb6 Rad8 23. d4 Rd6 24. Na4 Ne6 25. Nc5 Nxc5 26. dxc5 Rc6 27. b4 Bxc3 28. Rab1 Rb8 29. a3 a5 30. bxa5 Rxb1 31. Rxb1 Bxa5 32. Rb5 Bc3 33. a4 Bd4 34. a5 Bxc5 35. Kh2 d4 36. Rb3 Bd6+ 37. g3 Rc3 38. Rb2 d3 39. Rd2 Bc5 40. Kg2 Rc2 41. Rxd3 Rxf2+ 42. Kh1 Ra2 43. a6 Rxa6 44. Kg2 Ra2+ 45. Kf1 Ra1+ 46. Ke2 Ra2+ 47. Ke1 Ra3 48. Rxa3 Bxa3 49. g4 f6 50. h4 g5 51. hxg5 Be7 0-1

[Event "26th Klatovy B 2018"]
[Site "Klatovy CZE"]
[Date "2018.07.06"]
[Round "7.66"]
[White "Merinsky, Stanislav"]
[Black "Safarova, Magdalena"]
[Result "1-0"]
[WhiteElo "1000"]
[BlackElo "1172"]
[PlyCount "75"]
[EventDate "2018.06.30"]
[EventType "swiss"]
[EventRounds "9"]
[EventCountry "CZE"]

1. f4 d5 2. Nf3 c5 3. b3 Nc6 4. Bb2 Bg4 5. e3 e6 6. Bb5 Rc8 7. d4 Nf6 8. a4 Ne4 9. O-O Be7 10. Qe1 O-O 11. Nbd2 Bd6 12. Rc1 Qf6 13. c3 Qg6 14. Nh4 Qh5 15. h3 Bxh3 16. gxh3 Be7 17. Ndf3 cxd4 18. cxd4 Nb4 19. Kg2 Nd3 20. Bxd3 Rfd8 21. Kh1 Bd6 22. Rg1 Re8 23. Bxe4 dxe4 24. Qg3 g6 25. Ne5 Kg7 26. d5 exd5 27. Nd7+ f6 28. Nf8 g5 29. Nf5+ Kxf8 30. Nxd6 Re6 31. Rxc8+ Ke7 32. Ba3 Kd7 33. f5 Re5 34. Rf8 Qh6 35. Rf7+ Kc6 36. Rc1+ Kb6 37. Rxb7+ Ka6 38. b4 1-0

[Event "26th Klatovy B 2018"]
[Site "Klatovy CZE"]
[Date "2018.07.06"]
[Round "7.67"]
[White "Sykora, Vaclav"]
[Black "Bukvaj, Jan"]
[Result "1-0"]
[WhiteElo "1529"]
[BlackElo "1051"]
[PlyCount "67"]
[EventDate "2018.06.30"]
[EventType "swiss"]
[EventRounds "9"]
[EventCountry "CZE"]

1. c4 e5 2. Nc3 Nf6 3. d3 d6 4. Nf3 Be6 5. e3 g6 6. Be2 Nc6 7. O-O Bg7 8. a3 O-O 9. d4 e4 10. Nxe4 Nxe4 11. d5 Bxd5 12. cxd5 Ne7 13. Bd3 Nf6 14. e4 Re8 15. Rb1 b6 16. Re1 a6 17. Be3 Ng4 18. Bd4 Bxd4 19. Nxd4 Ne5 20. Rc1 Nxd3 21. Qxd3 c5 22. dxc6 Qc7 23. Rc2 Nf5 24. Nxf5 gxf5 25. Qf3 Kh8 26. Qc3+ Kg8 27. exf5 Rxe1+ 28. Qxe1 Rd8 29. f6 a5 30. Qe7 Qc8 31. h3 Re8 32. Qd7 Qxd7 33. cxd7 Rd8 34. Rc8 1-0

[Event "26th Klatovy B 2018"]
[Site "Klatovy CZE"]
[Date "2018.07.06"]
[Round "7.68"]
[White "Nova, Michaela 1970"]
[Black "Skutil, Frantisek Elias"]
[Result "0-1"]
[WhiteElo "1000"]
[BlackElo "1100"]
[PlyCount "66"]
[EventDate "2018.06.30"]
[EventType "swiss"]
[EventRounds "9"]
[EventCountry "CZE"]

1. e4 c5 2. Bc4 Nc6 3. Qf3 e6 4. Nh3 Nf6 5. Ng5 Be7 6. e5 Nxe5 7. Qf4 Ng6 8. Qg3 O-O 9. h4 h5 10. Nc3 a6 11. Ne2 b5 12. Bd3 d5 13. Nxf7 Rxf7 14. Bxg6 Rf8 15. d3 Bd6 16. Nf4 c4 17. Qf3 Ne8 18. Qxh5 Nf6 19. Qf3 Bxf4 20. Bxf4 e5 21. Bxe5 Bg4 22. Qe3 Qe7 23. f3 Bd7 24. Qg5 Be8 25. Bf5 Qxe5+ 26. Kf2 Qxb2 27. Rae1 c3 28. Re7 Rf7 29. Be6 Kf8 30. Rxf7+ Bxf7 31. Bf5 Qxc2+ 32. Kg3 Nh5+ 33. Kg4 Qxg2# 0-1

[Event "26th Klatovy B 2018"]
[Site "Klatovy CZE"]
[Date "2018.07.06"]
[Round "7.70"]
[White "Skrivan, Matej 2008"]
[Black "Skalicky, Jindrich"]
[Result "0-1"]
[WhiteElo "1056"]
[BlackElo "1225"]
[PlyCount "94"]
[EventDate "2018.06.30"]
[EventType "swiss"]
[EventRounds "9"]
[EventCountry "CZE"]

1. e4 e5 2. Nf3 Nc6 3. Bc4 Bc5 4. O-O Nf6 5. Nc3 d6 6. d3 O-O 7. Nd5 Nxd5 8. Bxd5 Ne7 9. Bc4 h6 10. Bxh6 gxh6 11. Nh4 Kg7 12. Bxf7 Rxf7 13. Qg4+ Bxg4 14. h3 Bd7 15. Rae1 Bxf2+ 16. Rxf2 Rxf2 17. Kxf2 Ng6 18. Nxg6 Kxg6 19. Re3 Qf6+ 20. Kg1 Qh4 21. Kh2 Rf8 22. Rg3+ Kh7 23. a4 Rg8 24. Rxg8 Kxg8 25. b4 Qg3+ 26. Kxg3 Bxa4 27. c4 Bc2 28. d4 Bxe4 29. Kg4 exd4 30. Kh5 d3 31. Kxh6 Bxg2 32. h4 Bf3 33. c5 dxc5 34. bxc5 d2 35. h5 Bxh5 36. Kxh5 d1=Q+ 37. Kh4 Qf1 38. c6 bxc6 39. Kg3 Kg7 40. Kg4 Kg6 41. Kg3 Qf5 42. Kg2 Kg5 43. Kg3 Qf4+ 44. Kg2 Kg4 45. Kg1 Kg3 46. Kh1 Qd2 47. Kg1 Qg2# 0-1

[Event "26th Klatovy B 2018"]
[Site "Klatovy CZE"]
[Date "2018.07.06"]
[Round "7.71"]
[White "Roubal, Matyas"]
[Black "Nova, Anezka"]
[Result "1-0"]
[WhiteElo "1100"]
[BlackElo "1033"]
[PlyCount "73"]
[EventDate "2018.06.30"]
[EventType "swiss"]
[EventRounds "9"]
[EventCountry "CZE"]

1. e4 e5 2. Nf3 Nc6 3. Bb5 Bb4 4. Nc3 Nf6 5. O-O d6 6. Bxc6+ bxc6 7. a3 Ba5 8. b4 Bb6 9. d3 Bg4 10. Bg5 h6 11. Bd2 O-O 12. h3 Bh5 13. a4 a6 14. a5 Ba7 15. Qe2 Rb8 16. Rab1 Rb7 17. Na2 Qd7 18. Be3 Bb8 19. d4 exd4 20. Bxd4 c5 21. Bxf6 gxf6 22. bxc5 Rxb1 23. Rxb1 dxc5 24. Qxa6 Qd6 25. Qxd6 cxd6 26. Nh2 Bc7 27. Rb5 Bg6 28. f3 Re8 29. Nc3 Re6 30. Nd5 Bd8 31. Rb8 Kf8 32. Rxd8+ Kg7 33. a6 Kh7 34. a7 Re5 35. a8=Q Bh5 36. Rh8+ Kg6 37. Qg8# 1-0

[Event "26th Klatovy B 2018"]
[Site "Klatovy CZE"]
[Date "2018.07.06"]
[Round "7.72"]
[White "Souralova, Alena"]
[Black "Berkovec, Jakub"]
[Result "0-1"]
[WhiteElo "1000"]
[BlackElo "1000"]
[PlyCount "62"]
[EventDate "2018.06.30"]
[EventType "swiss"]
[EventRounds "9"]
[EventCountry "CZE"]

1. e4 c5 2. Nc3 d6 3. Nf3 Nf6 4. Bc4 g6 5. O-O Bg7 6. d3 O-O 7. Bg5 Nc6 8. Bb5 Be6 9. Qd2 Nd4 10. Nxd4 cxd4 11. Rae1 dxc3 12. Qxc3 Rc8 13. Qb4 Rxc2 14. Rd1 Bxa2 15. Rd2 Rxd2 16. Bxd2 Nd7 17. Qa5 Qxa5 18. Bxa5 Nb6 19. Bxb6 axb6 20. h3 Bxb2 21. Re1 Rc8 22. Re2 Rc1+ 23. Kh2 Be5+ 24. g3 Be6 25. h4 Rc5 26. Ra2 Rxb5 27. Ra8+ Kg7 28. Ra7 Ra5 29. Rxb7 Ra2 30. Kg2 Bd4 31. Kf1 Rxf2+ 0-1

[Event "26th Klatovy B 2018"]
[Site "Klatovy CZE"]
[Date "2018.07.07"]
[Round "8.1"]
[White "Zidu, Jan"]
[Black "Kastner, Jan"]
[Result "1/2-1/2"]
[WhiteElo "1913"]
[BlackElo "1930"]
[PlyCount "22"]
[EventDate "2018.06.30"]
[EventType "swiss"]
[EventRounds "9"]
[EventCountry "CZE"]

1. e4 c6 2. d4 d5 3. exd5 cxd5 4. Bd3 Nf6 5. c3 Nc6 6. Bf4 e6 7. Nf3 Bd6 8. Bxd6 Qxd6 9. Nbd2 O-O 10. O-O a6 11. Re1 b5 1/2-1/2

[Event "26th Klatovy B 2018"]
[Site "Klatovy CZE"]
[Date "2018.07.07"]
[Round "8.2"]
[White "Finek, Vaclav"]
[Black "Hartmann, Andreas 1969"]
[Result "1-0"]
[WhiteElo "1763"]
[BlackElo "1847"]
[PlyCount "135"]
[EventDate "2018.06.30"]
[EventType "swiss"]
[EventRounds "9"]
[EventCountry "CZE"]

1. e4 d6 2. d4 e6 3. Nc3 Nf6 4. Bg5 Be7 5. Nf3 c6 6. e5 Nd5 7. Ne4 dxe5 8. dxe5 O-O 9. Bd3 Nb4 10. O-O Bxg5 11. Nfxg5 h6 12. Nf3 Nxd3 13. cxd3 Qb6 14. Qd2 Nd7 15. Rac1 a5 16. d4 Qd8 17. Nd6 Nb6 18. Qf4 Nd5 19. Qg3 Ne7 20. Ne4 Nf5 21. Qf4 Kh7 22. Rfd1 Qe7 23. Nc5 Rd8 24. b3 Rb8 25. Ne4 Rd5 26. Kh1 Rd8 27. Rg1 Kh8 28. Rcd1 b6 29. g4 Nh4 30. Nd6 Nxf3 31. Qxf3 Rxd6 32. exd6 Qd7 33. Qg3 Bb7 34. h3 Rd8 35. Kh2 Qxd6 36. Qxd6 Rxd6 37. Kg3 g6 38. f4 Bc8 39. Rge1 Kg7 40. Kf3 Bb7 41. Ke3 Ba6 42. Rd2 Kf6 43. Rc1 Ke7 44. a3 Kd7 45. h4 Rd5 46. Rh1 h5 47. gxh5 Rxh5 48. a4 Bb7 49. Rh3 Kd6 50. Rg2 c5 51. Rg5 Bd5 52. Rxh5 gxh5 53. dxc5+ Kxc5 54. Kd2 Kb4 55. Kc2 Be4+ 56. Kb2 b5 57. axb5 Kxb5 58. Kc3 a4 59. bxa4+ Kxa4 60. Kd4 Bg6 61. Rc3 Kb5 62. Ke5 Kb4 63. Rc7 Kb5 64. Kf6 Bf5 65. Kxf7 Kb6 66. Re7 Kc5 67. Rxe6 Bg4 68. Re1 1-0

[Event "26th Klatovy B 2018"]
[Site "Klatovy CZE"]
[Date "2018.07.07"]
[Round "8.3"]
[White "Chmelik, Ladislav"]
[Black "Novotny, David"]
[Result "0-1"]
[WhiteElo "1761"]
[BlackElo "1715"]
[PlyCount "82"]
[EventDate "2018.06.30"]
[EventType "swiss"]
[EventRounds "9"]
[EventCountry "CZE"]

1. d4 Nf6 2. c4 e6 3. Nc3 d5 4. cxd5 exd5 5. g3 Be7 6. Bg2 O-O 7. Nf3 b6 8. O-O Bb7 9. Nh4 Re8 10. Nf5 Bf8 11. Re1 Ne4 12. Nxe4 dxe4 13. Bf4 Bc8 14. Ne3 Bd6 15. Bxd6 cxd6 16. Qb3 Bb7 17. Rac1 Nd7 18. Rc3 Nf6 19. Rec1 d5 20. Bh3 g6 21. Rc7 Re7 22. Rxe7 Qxe7 23. Qc3 Ne8 24. Ng4 f5 25. Ne5 Rc8 26. Qd2 Rxc1+ 27. Qxc1 Kg7 28. g4 Qh4 29. Qe3 fxg4 30. Bxg4 Qe7 31. Bd7 Nf6 32. Ba4 Qb4 33. Bb3 Qe1+ 34. Kg2 Ba6 35. Nc6 Bxe2 36. Nxa7 Qf1+ 37. Kg3 Qg1+ 38. Kf4 Qg4+ 39. Ke5 Qf5+ 40. Kd6 Qd7+ 41. Ke5 Ng4+ 0-1

[Event "26th Klatovy B 2018"]
[Site "Klatovy CZE"]
[Date "2018.07.07"]
[Round "8.4"]
[White "Hosnedl, Matyas"]
[Black "Vavrinkova, Eliska"]
[Result "0-1"]
[WhiteElo "1697"]
[BlackElo "1746"]
[PlyCount "100"]
[EventDate "2018.06.30"]
[EventType "swiss"]
[EventRounds "9"]
[EventCountry "CZE"]

1. e4 e5 2. Nf3 Nf6 3. Nxe5 d6 4. Nf3 Nxe4 5. Nc3 Nxc3 6. dxc3 Be7 7. Bd3 O-O 8. Bf4 Nd7 9. Qd2 Nc5 10. O-O-O Be6 11. Kb1 Qd7 12. h4 Qa4 13. b3 Qa3 14. Qe1 Bf6 15. Ng5 Nxd3 16. Rxd3 Bf5 17. Rd5 Bxc2+ 18. Kxc2 Qxa2+ 19. Kc1 Rfe8 20. Be3 Qxb3 21. Rd3 Re5 22. Qd2 Rb5 23. Qc2 Qa3+ 24. Kd1 Rb2 25. Bc1 Rxc2 26. Bxa3 Rxf2 27. Ne4 Ra2 28. Nxf6+ gxf6 29. Bc1 Rxg2 30. Rf3 a5 31. Rhh3 a4 32. c4 Rg4 33. Bh6 Rg6 34. Bc1 Kf8 35. h5 Rg1+ 36. Kc2 Ke7 37. Rhg3 Rh1 38. Rh3 Rxh3 39. Rxh3 Ra5 40. h6 Rc5 41. Rg3 Rxc4+ 42. Kb1 b5 43. Rg7 b4 44. Rxh7 Rh4 45. Rh8 c5 46. Ra8 a3 47. Kc2 c4 48. Be3 b3+ 49. Kc3 b2 50. Rh8 Rh1 0-1

[Event "26th Klatovy B 2018"]
[Site "Klatovy CZE"]
[Date "2018.07.07"]
[Round "8.5"]
[White "Flajsman, Petr"]
[Black "Masek, Jan"]
[Result "1-0"]
[WhiteElo "1753"]
[BlackElo "1948"]
[PlyCount "157"]
[EventDate "2018.06.30"]
[EventType "swiss"]
[EventRounds "9"]
[EventCountry "CZE"]

1. e4 e5 2. Nf3 Nc6 3. Bc4 Bc5 4. Nc3 Nf6 5. d3 d6 6. h3 O-O 7. Bg5 Na5 8. O-O c6 9. a3 Nxc4 10. dxc4 Be6 11. Qd3 Qe7 12. Rad1 Rad8 13. Qe2 a5 14. Rd2 h6 15. Bh4 g5 16. Nxg5 hxg5 17. Bxg5 Kh7 18. Qf3 Kg6 19. Bh4 Rh8 20. Qg3+ Kh7 21. Qg5 Rhg8 22. Qxf6 Qxf6 23. Bxf6 Rde8 24. Kh2 Bxc4 25. Re1 Re6 26. Bh4 Rh6 27. Bg3 Rhg6 28. Nd1 a4 29. Ne3 Be6 30. Ree2 b5 31. c3 f6 32. Kh1 R8g7 33. Kh2 Rd7 34. f4 Rdg7 35. Bh4 exf4 36. Nf5 Rd7 37. Bf2 Bc4 38. Re1 Bxf2 39. Rxf2 d5 40. exd5 Bxd5 41. Re7+ Rxe7 42. Nxe7 Rg5 43. Nxd5 Rxd5 44. Rxf4 Kg6 45. Rf2 f5 46. Kg3 Kg5 47. h4+ Kh5 48. Kh3 Kg6 49. Kg3 Re5 50. Kf3 Re4 51. g3 Kf6 52. Re2 Rg4 53. Re8 c5 54. Rb8 Ke5 55. Rxb5 Kd5 56. Ra5 Kc6 57. h5 Kb6 58. Ra8 Kb7 59. Rf8 Rg5 60. Kf4 Rxh5 61. Rxf5 Rh2 62. Rxc5 Rxb2 63. Rc4 Rb3 64. Rb4+ Kc6 65. Rxa4 Rxc3 66. Rd4 Rxa3 67. g4 Ra8 68. g5 Kc5 69. Rd1 Rf8+ 70. Kg4 Rf2 71. Kh5 Rg2 72. Kh6 Rh2+ 73. Kg7 Rg2 74. g6 Kc6 75. Kf7 Rf2+ 76. Kg8 Rg2 77. g7 Rg3 78. Rh1 Kd5 79. Kh8 1-0

[Event "26th Klatovy B 2018"]
[Site "Klatovy CZE"]
[Date "2018.07.07"]
[Round "8.6"]
[White "Kovar, Petr2"]
[Black "Rezac, Jindrich"]
[Result "1/2-1/2"]
[WhiteElo "1944"]
[BlackElo "1806"]
[PlyCount "23"]
[EventDate "2018.06.30"]
[EventType "swiss"]
[EventRounds "9"]
[EventCountry "CZE"]

1. e4 c5 2. d4 cxd4 3. c3 d3 4. Bxd3 Nc6 5. c4 g6 6. Nf3 Bg7 7. h3 d6 8. O-O Bd7 9. a3 Rc8 10. Ra2 Nf6 11. b3 O-O 12. Bb2 1/2-1/2

[Event "26th Klatovy B 2018"]
[Site "Klatovy CZE"]
[Date "2018.07.07"]
[Round "8.7"]
[White "Kanka, Matej 2000"]
[Black "Gerigk, Daniel"]
[Result "1-0"]
[WhiteElo "1905"]
[BlackElo "1690"]
[PlyCount "37"]
[EventDate "2018.06.30"]
[EventType "swiss"]
[EventRounds "9"]
[EventCountry "CZE"]

1. e4 e5 2. Nf3 Nc6 3. d4 exd4 4. Bc4 Be7 5. c3 Na5 6. Qxd4 Nxc4 7. Qxc4 d6 8. O-O b6 9. Rd1 Be6 10. Qc6+ Bd7 11. Qc4 Be6 12. Qa4+ Bd7 13. Qc2 Bc6 14. Ne5 Bb7 15. Qb3 d5 16. exd5 Bd6 17. Qb5+ c6 18. dxc6 a6 19. Qd5 1-0

[Event "26th Klatovy B 2018"]
[Site "Klatovy CZE"]
[Date "2018.07.07"]
[Round "8.8"]
[White "Mejzr, Jan"]
[Black "Lener, Jaroslav 1975"]
[Result "1-0"]
[WhiteElo "1897"]
[BlackElo "1792"]
[PlyCount "57"]
[EventDate "2018.06.30"]
[EventType "swiss"]
[EventRounds "9"]
[EventCountry "CZE"]

1. e4 c5 2. d4 cxd4 3. c3 d3 4. Nf3 d6 5. Bxd3 Nc6 6. O-O g6 7. Bc4 Na5 8. Qd4 Nf6 9. e5 Nc6 10. Bb5 dxe5 11. Bxc6+ bxc6 12. Qxd8+ Kxd8 13. Nxe5 Ke8 14. Nxc6 Bb7 15. Nd4 a6 16. Nd2 e6 17. Nc4 Bc5 18. Nb3 Bd5 19. Ne3 Bxe3 20. Bxe3 Rb8 21. Bd4 Ke7 22. Na5 Rb5 23. b4 Rc8 24. a4 Rbb8 25. Bc5+ Ke8 26. c4 Ne4 27. cxd5 Nxc5 28. bxc5 Rxc5 29. Nc6 1-0